| 000 | 00849nam a2200205 4500 | ||
|---|---|---|---|
| 005 | 20260304145244.0 | ||
| 008 | 260304b |||||||| |||| 00| 0 eng d | ||
| 020 | _a9781641053624 | ||
| 082 | _aAV-Eb 363.25963 M381 2021 | ||
| 100 |
_aMason, Miles, Sr. _969936 |
||
| 245 |
_aThe forensic accounting deskbook : _ba practical guide to financial investigation and analysis for family lawyers / _cMiles Mason, Sr. |
||
| 250 | _aSecond edition. | ||
| 260 |
_aChicago, Illinios : _bAmerican Bar Association, _c©2021. |
||
| 300 | _a377 pages. | ||
| 521 | _aIncludes bibliographical references, appendices and index. | ||
| 650 | 0 |
_aForensic _xAccounting _zUnited States _969937 |
|
| 650 | 0 |
_aEvidence, Expert _zUnited States. _969938 |
|
| 856 | _yhttps://ebookcentral.proquest.com/lib/uniofmindanao-ebooks/detail.action?docID=31289237 | ||
| 942 |
_2ddc _cEB |
||
| 999 |
_c24403 _d24403 |
||